| 000 | 00926nam a2200253 a 4500 | ||
|---|---|---|---|
| 001 | 77132 | ||
| 003 | BD-RjUL | ||
| 005 | 20211209082929.0 | ||
| 008 | 200226s1971 ii ||||| |||| 00| 0 ben d | ||
| 020 | _c: IRs. 10.00 (V-7 ) | ||
| 035 | _a(BD-RjUL)77356 | ||
| 040 |
_aBD-RjUL _bben _cBD-RjUL _dBD-RjUL |
||
| 041 | _aben | ||
| 082 |
_223 _a294.5092254 _bROB V-7 1971 |
||
| 100 | 1 |
_aরায়, শঙ্কর নাথ _9239876 |
|
| 245 | 1 | 0 |
_aভারতের সাধক / _cশঙ্কর নাথ রায় |
| 250 | _aনুতন সং | ||
| 260 |
_aকলিকাতা : _bপ্রাচী পাবলিকেশনস্, _c১৯৭১ |
||
| 300 |
_a খন্ড. ; _c২১ সেমি. |
||
| 505 | 0 | _aখণ্ড ৭ --- | |
| 650 |
_aসাধক _zভারত _xসংগৃহীত জীবনী _9163843 |
||
| 650 |
_aSaints _zIndian _xCollected Biography _9163844 |
||
| 942 |
_2ddc _cBK |
||
| 999 |
_c77132 _d77132 |
||